000 01789nam0a2200433 4500
001 RU\NLR\BIBL_A\010015434
005 20260406150556.0
010 _a978-5-358-13626-7
_91000
021 _aRU
_b2017-41645
_93024
021 _aRU
_b2015-59640
_93526
021 _aRU
_b2017-77453
_95525
021 _aRU
_b2013-88468
_96122
035 _a(RuMoRGB)008905719
035 _a(NILC)RuMoRGB-006691496
035 _a(NLR Aleph) 010015434
090 _a9874619
_c9874619
100 _a20131217d2014 |||y0rusy50 ca
101 0 _arus
102 _aRU
105 _ay|||j|||000yy
200 1 _aЗадачи по химии и способы их решения
_e8-9 классы
_fО.С. Габриелян, П.В. Решетов, И.Г. Остроумов
205 _a5-е изд., стер.
210 _aМосква
_cДрофа
_d2014
_d[т.е. 2013]
215 _a158 с.
_d20
225 1 _aТемы школьного курса
_iХимия
300 _aКн. фактически изд. в 2013 г.
606 1 _aХимия
_jУчебные издания для средней школы
_xЗадачи
_xРешение
_91882966
_3RU\NLR\AUTH\661146220
675 _a373.167.1:54
675 _a54(075.3)
686 1 _aГ1я721-41
700 1 _8rus
_7ca
_aГабриелян
_bО. С.
_cканд. пед. наук
_gОлег Сергеевич
_3RU\NLR\AUTH\775057
_9115027
701 1 _aРешетов
_bП. В.
_gПавел Владимирович
701 1 _8rus
_7ca
_aОстроумов
_bИ. Г.
_f1962-
_gИгорь Геннадьевич
_3RU\NLR\AUTH\7747133
_930068
801 0 _aRU
_bRuMoRKP
_c20131031
_gRCR
801 2 _aRU
_bРГБ
_c20131111
_grcr
942 _cBOOK
980 _aNB